Sloss Furnaces and the rise of the Birmingham district (Record no. 233150)
[ view plain ]
| 000 -LEADER | |
|---|---|
| fixed length control field | 01901nam a2200445 a 4500 |
| 082 04 - DEWEY DECIMAL CLASSIFICATION NUMBER | |
| Classification number | 338.7/6722/09761781 |
| 100 1# - MAIN ENTRY--AUTHOR NAME | |
| Personal name | Lewis, W. David |
| 245 10 - TITLE STATEMENT | |
| Title | Sloss Furnaces and the rise of the Birmingham district |
| 260 ## - PUBLICATION, DISTRIBUTION, ETC. (IMPRINT) | |
| Place of publication | Tuscaloosa : |
| Name of publisher | University of Alabama Press, |
| Year of publication | c1994. |
| 300 ## - PHYSICAL DESCRIPTION | |
| Number of Pages | xxiv, 645 p. : |
| Other physical details | ill., maps. |
| 490 1# - SERIES STATEMENT | |
| Series statement | History of American science and technology series |
| 650 #0 - SUBJECT ADDED ENTRY--TOPICAL TERM | |
| Topical Term | Iron industry and trade |
| Topical Term | Iron foundries |
| Topical Term | Iron founding |
| Topical Term | Iron |
| Topical Term | Industries |
| 856 40 - ELECTRONIC LOCATION AND ACCESS | |
| Uniform Resource Identifier | http://site.ebrary.com/lib/rucke/Doc?id=10527822 |
No items available.
